000
00284nam a22001337a 4500
020
_a
817573899-5
082
_a
920
_b
DUA/T
100
_a
DUA,SHYAM
245
_a
THE LUMINOUS LIFE
260
_a
DELHI
_b
TINY TOT PUBLICATIONS
300
_a
95
650
_a
BIOGRAPHY
_z
DELHI
942
_c
BK
999
_c
5916
_d
5916